Las cofradías de Sepúlveda / (Record no. 12844)

MARC details
000 -LEADER
campo de control de longitud fija 00758nam a2200217 i 4500
001 - NÚMERO DE CONTROL
campo de control 12844
003 - IDENTIFICADOR DE NÚMERO DE CONTROL
campo de control ES-MaACL
005 - FECHA Y HORA DE LA ÚLTIMA TRANSACCIÓN
campo de control 20230906150424.0
007 - CAMPO FIJO DE DESCRIPCIÓN FÍSICA--INFORMACIÓN GENERAL
campo de control de longitud fija t|
008 - DATOS DE LONGITUD FIJA--INFORMACIÓN GENERAL
campo de control de longitud fija 880208s1986 sp ||||0| spa
020 ## - NÚMERO INTERNACIONAL ESTÁNDAR DEL LIBRO
Número Internacional Estándar del Libro 84-7580-316-14
080 ## - NÚMERO DE LA CLASIFICACIÓN DECIMAL UNIVERSAL
Número de la Clasificación Decimal Universal 255(463.6 Sepúlveda)(093)
100 1# - ENTRADA PRINCIPAL--NOMBRE DE PERSONA
Nombre de persona Linage Conde, Antonio.
9 (RLIN) 72322
245 14 - MENCIÓN DEL TÍTULO
Título Las cofradías de Sepúlveda /
Mención de responsabilidad, etc. Antonio Linage Conde.
260 ## - PUBLICACIÓN, DISTRIBUCIÓN, ETC.
Lugar de publicación, distribución, etc. [Segovia :
Nombre del editor, distribuidor, etc. Caja de Ahorros y Monte de Piedad, Obra Cultural,
Fecha de publicación, distribución, etc. 1986]
300 ## - DESCRIPCIÓN FÍSICA
Extensión 395 p. ;
Dimensiones 22 cm.
500 ## - NOTA GENERAL
Nota general Apéndice documental: p. 97-282.
650 14 - PUNTO DE ACCESO ADICIONAL DE MATERIA--TÉRMINO DE MATERIA
Término de materia o nombre geográfico como elemento de entrada Cofradías-
Subdivisión geográfica Sepúlveda-
Subdivisión general Historia-
Subdivisión de forma Fuentes.
9 (RLIN) 11133
710 2# - ENTRADA AGREGADA--NOMBRE DE ENTIDAD CORPORATIVA
Nombre de entidad corporativa o nombre de jurisdicción como elemento de entrada Caja de Ahorros y Monte de Piedad de Segovia.
9 (RLIN) 2324
852 ## - LOCALIZACIÓN
Ubicación ES-MaACL
Número de control de estantería L-20187
Nota libre - Dedicatoria autógrafa del autor
Holdings
Estatus retirado Estado de pérdida Estado de daño No para préstamo Biblioteca de origen Biblioteca actual Ubicación en estantería Fecha de adquisición Fuente de adquisición Total de préstamos Signatura topográfica completa Código de barras Visto por última vez Precio de reemplazo Tipo de ítem Koha
        Biblioteca del Ateneo de Madrid Biblioteca del Ateneo de Madrid Depósito 2 17/01/2008     L-20187 1013083 23/02/2023 23/02/2023 Libro impreso